| 000 | 01112cab a2200169 4500 | ||
|---|---|---|---|
| 001 | L130920 | ||
| 008 | 050919n2005 000 0 eng u | ||
| 035 | _a(Sirsi) u130920 | ||
| 041 | 0 | _aeng | |
| 100 | 1 | _aDavid, Neil | |
| 245 | _aSmart city | ||
| 260 | _c2005 | ||
| 490 |
_aMJ Focus _v1 September 2005, 18(1) |
||
| 520 | _aReports on an innovative risk-sharing partnership between City of Edinburgh Council and BT. Guided by the authority's Smart City Vision the council has entered into a 10-year strategic partnership with BT to deliver large-scale business transformation projects and provide the council's IT infrastructure and services. Government support has been available but on the basis that recipient authorities will be able to demonstrate considerable savings through improvements in internal organisation and procurement and by collaborative ventures to share and rationalise services. Edinburgh and BT have ensured that they only deliver projects where benefits outweigh costs such as the new planning and building control service. | ||
| 690 | _aMANAGEMENT-STRATEGIC MANAGEMENT | ||
| 942 | _n0 | ||
| 999 |
_c75883 _d75883 |
||